KiKa-Serien der 2000er erraten - Statistiken

Allgemein
  • Dieses Quiz wurde 1.789 mal gespielt
  • Das Durchschnittsergebnis liegt bei 8 aus 16
Antwortstatistiken
Bildquiz Antwort % Korrekt
Feuerwehrmann Sam
94%
H2O-Plötzlich Meerjungfrau
89%
Yakari
86%
Lauras Stern
81%
Simsala Grimm
74%
Hexe Lilli
65%
Little Amadeus
60%
Horseland, die Pferderanch
52%
Au Schwarte!
50%
Coco, der neugierige Affe
50%
Momo
48%
Briefe von Felix
35%
Fix und Foxi
20%
Hier ist Ian
8%
Gloria und ihre Familie
4%
Mission Odyssey
3%
Keine übereinstimmenden Quizze gefunden
Verteilung der Resultate
Anzahl Personen mit jedem Resultat
Perzentil nach korrekt beantworteten Fragen
Ihre Resultats-Entwicklung
Sie haben dieses Quiz noch nicht gespielt